Mediacin̤ policial teora̕ para la gestin̤ del conflicto/

Detalles Bibliográficos
Otros Autores: Cobler Martn̕ez, Elena
Formato: eBook
Lenguaje:español
Publicado: Madrid : Dykinson, 2014
Colección:Coleccin̤ prc̀tica de mediacin̤
Materias:
Acceso en línea:Acceso restringido

MARC

LEADER 00000nam a2200000 a 4500
005 20150129125819.0
007 cr |||||||||||
008 150127s2014 sp s 000 0 spa|c
020 |a 9788490852422 
035 |a 12563 
040 |a vLex 
090 |c 5323  |d 5323 
245 1 0 |a Mediacin̤ policial  |h [Recurso electrn̤ico] :  |b teora̕ para la gestin̤ del conflicto/  |c Elena Cobler Martn̕ez... [et al.]  
256 |a Servicio en ln̕ea 
260 |a Madrid :  |b Dykinson,  |c 2014 
300 |a 1 recurs electrn̤ic (188 p.) 
490 0 |a Coleccin̤ prc̀tica de mediacin̤  
504 |a Índice y bibliografa̕ 
506 1 |a Contenido disponible solo en los productos indicados  |d vLex Global  |d vLex Global (Academic Edition, excluding Law Schools)  |d vLex Global (U.S. Academic Edition, Law Schools)  |d vLex Global (U.S. Academic Edition, excluding Law Schools)  |d vLex Global (Academic Edition, Law Schools) 
650 0 4 |a Mediacin̤ policial  |z Espaą 
700 1 |a Cobler Martn̕ez, Elena 
740 0 |a vLex Libros (Servicio en ln̕ea) 
856 4 0 |z Acceso restringido  |u http://vlex.com/source/mediacion-policial-12563 
942 |c BOOK 
999 0 |a Pre-trial intervention